| 000 | 01229cam a2200325 i 4500 | ||
|---|---|---|---|
| 001 | 17451877 | ||
| 005 | 20170105102344.0 | ||
| 008 | 120904t20132013flua b 001 0 eng | ||
| 010 | _a 2012026685 | ||
| 020 | _a9781439899137 (hardback : acidfree paper) | ||
| 040 |
_aDLC _beng _cDLC _erda _dDLC |
||
| 042 | _apcc | ||
| 050 | 0 | 0 |
_aTK5102.5 _b.G733 2013 |
| 082 | 0 | 0 |
_a621.3820286 _223 |
| 245 | 0 | 0 |
_aGreen communications and networking _c F. Richard Yu, Xi Zhang, Victor C.M. Leung. |
| 260 |
_aNew York _bCRC Press _c2013 |
||
| 300 |
_axix, 379 pages : _billustrations ; _c25 cm |
||
| 504 | _aIncludes bibliographical references and index. | ||
| 650 | 0 |
_aTelecommunication _xEnergy conservation. |
|
| 650 | 0 |
_aComputer networks _xEnergy conservation. |
|
| 650 | 0 |
_aTelecommunication _xEnvironmental aspects. |
|
| 650 | 0 | _aGreenhouse gas mitigation. | |
| 650 | 0 | _aSustainable engineering. | |
| 700 | 1 | _aYu, F. Richard. | |
| 700 | 1 | _aZhang, Xi. | |
| 700 | 1 |
_aLeung, Victor Chung Ming, _d1955- |
|
| 906 |
_a7 _bcbc _corignew _d1 _eecip _f20 _gy-gencatlg |
||
| 942 |
_2ddc _cBK |
||
| 999 |
_c11610 _d11610 |
||